000 00755nam a2200217Ia 4500
003 GCL
008 140319s9999 xx 000 0 ara d
040 _aGCL /
_cGCL
082 0 4 _a244
_bع ف
100 1 _aنادية عبدالرازق السنهورى(مراجع
245 1 0 _aفقه الخلافة وتطورها لتصبح عصبة امم شرقية /
_cنادية عبدالرازق السنهورى(مراجع
700 1 _aتوفيق محمد الشاوى
700 1 _aعبدالرازق احمد السنهورى
260 _a[S.N] :
_bالهيئة المصرية العامة للكتاب
300 _a269 ص
490 _a
650 0 4 _aالاسلام
650 0 4 _aالخلافة
650 0 4 _aالديانات
942 _2ddc
_cBK
999 _c29941
_d29941